[Event "4NCL 2019-20"]
[Site "Daventry"]
[Date "2020.03.01"]
[Round "2"]
[White "Holland, James P"]
[Black "Galyas, Miklos"]
[Result "0-1"]
[WhiteElo "2228"]
[BlackElo "2469"]
[Annotator "TA"]
[PlyCount "72"]
[EventDate "2020.01.11"]
[EventCountry "ENG"]
[SourceTitle "playchess.com"]
[Source "ChessBase"]
[SourceQuality "1"]

{[%evp 11,72,19,16,-12,-3,-19,27,18,25,20,15,15,28,32,21,7,40,40,46,28,12,8,14,0,24,18,25,0,14,2,0,1,0,0,29,-10,-21,-29,-33,-36,-39,-58,-50,-142,-142,-138,-130,-143,-137,-128,-139,-439,-395,-381,-379,-627,-656,-638,-651,-646,-621,-630,-635]} 1. e4 d6 2. d4 g6 3. Nc3 c6 4. Bc4 Bg7 5. Nf3 Nf6 6. Qe2 O-O 7. a4 {B08: Pirc Defence: Classical System.} Bg4 8. O-O Nbd7 {[#]} 9. Rd1 $146 {White has an edge.} ({Predecessor:} 9. h3 Bxf3 10. Qxf3 e5 11. Be3 Qb6 12. Ne2 Qxb2 13. Bb3 exd4 14. Bxd4 Ne5 15. Bxb2 Nxf3+ 16. gxf3 {1-0 (50) Schwalb,M-Zapke,H Germany 2000}) 9... Qc7 10. h3 Bxf3 $1 11. Qxf3 a6 12. a5 c5 13. dxc5 Qxc5 14. Bb3 Rac8 15. Be3 (15. e5 $5 Qxe5 16. Bf4 $14) 15... Qc7 16. Bd4 e6 17. Qg3 Nh5 18. Qe3 Be5 19. g3 Rfd8 20. f4 Bxd4 21. Rxd4 Nc5 22. Ba2 b5 23. Rad1 Nb7 {[%cal Bc5b7,Bb7a5,Ba5c4][%mdl 32]} 24. f5 Ng7 25. g4 Nxa5 26. fxe6 fxe6 27. e5 (27. R4d2 $15) 27... d5 $1 $17 ({Reject} 27... dxe5 $6 28. Rxd8+ Rxd8 29. Rxd8+ Qxd8 30. Qxe5 $11) 28. Bxd5 exd5 29. Nxd5 {[#]} Rxd5 $1 30. Rxd5 {And now Rd7 would win.} Nc4 $36 {[%mdl 2112] Double Attack. White is under strong pressure.} 31. Qg5 $2 {[%mdl 8192] Loses the game.} (31. Qf2 $17 Nxe5 32. Rf1) 31... Ne6 32. Qf6 {[#]} Qb6+ $1 33. Kh1 $2 {[#]} (33. Qf2 Qxf2+ 34. Kxf2) 33... Qc6 $1 $19 {...Ne3 is the strong threat.Black is clearly winning.} 34. Qf3 Rf8 35. Qe4 Ng5 36. Qd4 Nb6 {[%mdl 64] Pin. Accuracy: White = 68%, Black = 91%.} 0-1

[Event "4NCL 2019-20"]
[Site "Daventry"]
[Date "2020.03.01"]
[Round "2"]
[White "Duncan, Chris R"]
[Black "Brett, Andrew R"]
[Result "1-0"]
[WhiteElo "2217"]
[BlackElo "2079"]
[Annotator "TA"]
[PlyCount "112"]
[EventDate "2020.01.11"]
[EventCountry "ENG"]
[SourceTitle "playchess.com"]
[Source "ChessBase"]
[SourceQuality "1"]

{[%evp 36,112,47,55,13,-6,-33,-21,0,-73,-30,-73,-35,-113,-66,-245,-257,-258,-239,-300,-200,-513,-514,-503,-487,-483,-473,-596,-325,-464,0,-387,-258,-300,0,0,0,0,0,0,373,154,700,68,57,-7,520,518,512,505,502,106,216,205,195,168,711,712,695,666,715,729,666,657,590,553,743,783,1878,1811,1825,1807,1678,1545,1271,1224,1489,1352,29987]} 1. Nf3 Nf6 2. c4 e6 3. Nc3 d5 4. d4 c6 5. Bg5 dxc4 6. e4 b5 7. e5 h6 8. Bh4 g5 9. Nxg5 hxg5 10. Bxg5 Nbd7 11. g3 Bb7 12. Bg2 Qb6 13. exf6 O-O-O 14. O-O c5 15. d5 b4 16. Na4 Qb5 17. a3 Nb8 18. axb4 cxb4 19. Qg4 Bxd5 {D44: Semi-Slav: Botvinnik System.} 20. Bxd5 Rxd5 21. Be3 Nc6 {[%cal Bb8c6,Bc6a5,Ba5b3][%mdl 32] The position is equal.} 22. Rfc1 (22. Qe4 $11) 22... Kb7 {[#]} (22... Ne5 $5 {[%cal Re5g4]} 23. Qe2 Bd6 $15) 23. Qe4 $146 ({Predecessor:} 23. Ra2 Ne5 24. Qe4 Qc6 25. Qg2 Ng4 26. h3 Nxe3 27. fxe3 Bh6 28. Re1 Rhd8 29. Raa1 Ra5 30. Ra2 Rd3 31. Qxc6+ Kxc6 32. Kf2 Rf5+ 33. Ke2 Rxe3+ 34. Kd1 Rd5+ {0-1 (34) Baraeva,I (2169)-Papp,P (2292) Voronezh 2012}) 23... Na5 24. Ra2 (24. Rd1 $1 $15) 24... Qc6 {And now ...Rd1+! would win.} 25. Qf3 $2 (25. Qg4 $1 $15) 25... Nb3 $19 26. Rd1 Bd6 27. h4 Rg8 28. Bg5 $2 (28. Rxd5 {was the crucial defense.} Qxd5 29. Qg2) 28... Rxd1+ 29. Qxd1 {White hopes to continue with Qh5.} Qd5 30. Qh5 Rf8 31. Kh2 Qf5 32. Qe2 (32. Kg2 $142 Nd4 33. Qd1 Qd5+ 34. Kh3) 32... Qd5 $2 (32... Nd4 $19 33. Qe3 Nc2) 33. Be3 $2 {[%mdl 8192] [#]} (33. Qh5 $1 $11 Nd4 34. Ra1) 33... Rh8 $1 {[%mdl 512] ( -> ...Rxh4+)} 34. Qg4 a5 $2 ({Better is} 34... Nd2 $19 {aiming for ...Nf3+.} 35. Bxd2 Qxd2) 35. Nb6 $11 {[%mdl 64] Double Attack} Qc6 36. Nxc4 Bc7 37. h5 Qe8 $2 {[%mdl 8192]} (37... Qd5 $11 38. h6 Nd4 39. Nxa5+ Kc8) 38. h6 (38. Nxa5+ $18 {and the rest is easy.} Nxa5 39. Qxb4+ {[%mdl 64] Double Attack} Ka6 40. Qc5) 38... Rg8 $2 (38... Qb5 $16) 39. Qe4+ $2 (39. Qd1 $18) 39... Qc6 $14 40. Qd3 (40. Qxc6+ $14 Kxc6 41. Nd2 Nxd2 42. Bxd2) 40... Qf3 $2 {[%mdl 8192] [#] White now steadily converts the win.} (40... Rg4 $1 $11 41. f4 Qf3 42. Nd6+ Bxd6 43. Qb5+ Kc8 $1 {[%mdl 512]} 44. Qe8+ {[%mdl 64] Double Attack} Kc7 $1 {[%mdl 512]} 45. Qxf7+ Kd8 $1 {[%mdl 512]} 46. Bb6+ {[%mdl 64] Double Attack} Kc8 47. Qxe6+ Kb7 48. Qd7+ Kxb6 49. Qxd6+ Kb5 50. Qe5+ Kc4 51. Qe6+ Kd4) 41. Nd6+ $1 $18 ({Not} 41. Qd7 Qd5 $16) 41... Bxd6 42. Qxd6 {Strongly threatening Qd7+.} Qc6 43. Qf4 $2 (43. Qe7+ $18 {is more deadly.} Qc7 44. Bf4 Qxe7 45. fxe7) 43... Qd5 {[#]} (43... Rd8 $16 {keeps fighting.}) 44. g4 $1 Rc8 45. Kg3 $40 {[%mdl 128] White has strong attack.} Qd3 $2 {[#]} (45... Nc1 46. Bxc1 Qxa2) 46. Rxa5 $1 {[%mdl 576] Remove Defender, Decoy. White is clearly winning.} Nxa5 47. Qxb4+ {[%mdl 64] Double Attack} Kc6 {Threatens to win with ...Qd6+.} 48. Qxa5 {[%mdl 4096] Endgame KQR-KQB} Qd6+ 49. Kf3 Qd1+ 50. Kf4 Qd6+ 51. Qe5 Qb4+ 52. Qe4+ Qxe4+ 53. Kxe4 Kd6 54. Bf4+ Kd7 55. Be5 Rc4+ 56. Kf3 Ke8 {Accuracy: White = 45%, Black = 31%.} 1-0

[Event "4NCL 2019-20"]
[Site "Daventry"]
[Date "2020.03.01"]
[Round "2"]
[White "Townsend, M Paul"]
[Black "Socko, Monika"]
[Result "0-1"]
[WhiteElo "2217"]
[BlackElo "2419"]
[Annotator "TA"]
[PlyCount "62"]
[EventDate "2020.01.11"]
[EventCountry "ENG"]
[SourceTitle "playchess.com"]
[Source "ChessBase"]
[SourceQuality "1"]

{[%evp 9,62,-9,-3,-20,-2,-8,5,-22,-19,-30,0,0,9,20,18,27,21,31,41,26,42,29,32,29,33,27,26,20,48,15,22,15,16,15,19,-8,32,-89,-93,-106,-97,-163,-136,-329,-296,-344,-308,-355,-376,-560,-552,-558,-547,-518,-510]} 1. Nf3 d5 2. g3 Nc6 3. Bg2 e5 4. d3 f6 5. a3 Be6 6. b4 {A07: Réti Opening: New York and Capablanca Systems.} Qd7 7. Nbd2 Nh6 8. Bb2 {The position is equal.} Be7 9. c4 O-O 10. cxd5 Bxd5 11. O-O {[#]} Rad8 $146 ({Predecessor:} 11... Be6 12. Rc1 a6 13. Re1 Nf5 14. Ne4 Ncd4 15. Nfd2 a5 16. Nc5 Bxc5 17. bxc5 Qb5 {½-½ (49) Gausel,E (2505)-Westerinen,H (2370) Moscow 1994}) 12. Rc1 Nf7 13. Qc2 Rc8 14. Nb3 Rfd8 15. Rfd1 Qe6 16. Nbd2 {[#] aiming for e4.} Qd7 17. e4 Be6 18. Nb3 Bg4 19. d4 exd4 20. Nbxd4 Nxd4 21. Rxd4 Bd6 22. Nd2 Qe6 23. f3 (23. Nc4 $14 {stays ahead.}) 23... c5 $1 $17 {[%cal Rc5d4]} 24. Rxd6 Nxd6 25. fxg4 (25. bxc5 $17 Bh3 26. Bxh3 Qxh3 27. Nb3) 25... cxb4 $19 26. Qb1 $2 {This costs White the game.} (26. Qa4 $17 {keeps fighting.} Rxc1+ 27. Bxc1) 26... Nb5 {[%mdl 64] [#] Discovered Attack} 27. Rxc8 Qxc8 28. Qa2+ Kh8 29. Qc4 (29. Bxf6 {was worth a try.} Qc5+ 30. Kh1 gxf6 31. axb4 Qxb4 32. Nf1) 29... bxa3 {Black is clearly winning.} 30. Qxb5 axb2 31. Qxb2 Qc5+ {Accuracy: White = 52%, Black = 87%.} 0-1

[Event "4NCL 2019-20"]
[Site "Daventry"]
[Date "2020.03.01"]
[Round "2"]
[White "Foisor, Mihaela-Veronica"]
[Black "Cyborowski, Lukasz"]
[Result "0-1"]
[WhiteElo "2211"]
[BlackElo "2505"]
[Annotator "TA"]
[PlyCount "102"]
[EventDate "2020.01.11"]
[EventCountry "ENG"]
[SourceTitle "playchess.com"]
[Source "ChessBase"]
[SourceQuality "1"]

{[%evp 16,102,24,8,22,12,16,8,14,8,2,0,23,1,37,50,39,51,20,0,57,-5,-5,-10,-5,-6,-5,-6,-6,-16,0,-6,-11,-33,-25,-26,-29,-104,-116,-127,-34,-41,-45,-73,-76,-115,-118,-115,-48,-48,-39,-91,-84,-90,-91,-164,-109,-169,-181,-168,-181,-165,0,-114,0,-169,-152,-204,-204,-206,-200,-1256,-1180,-2442,-2372,-1943,-1703,-29974,-29973,-29973,-29974,-29976,-29977,-29979,-29980,-29980,-29981,-29981,-29982]} 1. c4 g6 2. g3 Bg7 3. Bg2 d6 4. Nc3 Nf6 5. e4 e5 6. d3 O-O 7. Nge2 Be6 8. O-O Qd7 9. f4 {Threatens to win with f5!} c6 {A24: English Opening vs King's Indian: Lines without ...Nc6.} 10. Kh1 Na6 11. Be3 Nc7 {The position is equal.} 12. Qd2 Ng4 13. Bg1 f5 {[#]} 14. Rad1 $146 ({Predecessor:} 14. Rae1 d5 15. cxd5 cxd5 16. exf5 Bxf5 17. h3 Nh6 18. Kh2 Nf7 19. fxe5 Nxe5 20. Nf4 {1-0 (29) Baerenfaller,B-Gaule,P (2120) Bern 2000}) 14... Nf6 (14... fxe4 {keeps more tension.} 15. Nxe4 Nf6 16. Ng5 Bf5 17. fxe5 dxe5 18. Qb4 Ne6) 15. b3 exf4 16. Nxf4 fxe4 17. Nxe4 Nxe4 (17... Bg4 $11) 18. Bxe4 (18. dxe4 $14 Be5 19. Nd3 Rxf1 20. Bxf1 (20. Rxf1 Bg7 $14)) 18... Bg4 $11 19. Rde1 Ne6 20. Nxe6 Rxf1 21. Rxf1 Bxe6 22. Bg2 a6 23. Qg5 Bf5 $36 {[%mdl 2048] Black fights for an advantage.} 24. d4 Re8 25. Qd2 Qe7 26. d5 (26. Qb4 $11 {keeps the balance.}) 26... c5 $1 $17 27. Bf3 Bh3 ({Better is} 27... b5 $1 $17 28. Bf2 Rb8) 28. Bg2 $15 Bxg2+ 29. Qxg2 b5 30. h3 bxc4 31. bxc4 Qe2 (31... Qe4 $17 32. Qf3 Re7 33. Qxe4 Rxe4) 32. Qxe2 Rxe2 {[%mdl 4096] Endgame KRB-KRB} 33. Rf2 (33. g4 $15) 33... Re1 $1 $17 34. Kg2 Rc1 $1 35. Rf4 (35. Bh2 $17) 35... Rc2+ ({Black should play} 35... Ra1 $1 $19 36. Re4 Rxa2+ 37. Kf1 Kf7) 36. Kf3 (36. Rf2 $17 Rxc4 37. Rf4) 36... Rxa2 $19 37. Re4 Ra3+ $1 38. Kg2 Ra2+ (38... Kf7 $19 39. Be3 Be5) 39. Kf3 $17 Ra3+ (39... Kf7 $17 40. Be3 a5) 40. Kg2 $1 $19 Kf7 $1 41. Be3 (41. Re6 $17 {keeps fighting.}) 41... Be5 42. g4 Kf6 43. g5+ $2 (43. Bf4) 43... Kf5 44. Kf3 Bd4 45. Rf4+ Kxg5 46. Rxd4+ {[#]} Rxe3+ $1 {[%mdl 512] Black mates.} 47. Kxe3 cxd4+ 48. Kxd4 {KP-KP} Kf6 49. c5 dxc5+ 50. Kxc5 {[#]} Ke7 $1 51. Kc6 {[#]} Kd8 $1 {Accuracy: White = 60%, Black = 81%.} 0-1

[Event "4NCL 2019-20"]
[Site "Daventry"]
[Date "2020.03.01"]
[Round "2"]
[White "Mitchell, Martin"]
[Black "Lee, Richard W Y"]
[Result "1-0"]
[WhiteElo "2207"]
[BlackElo "2130"]
[Annotator "ChessBase"]
[PlyCount "77"]
[EventDate "2020.01.11"]
[EventCountry "ENG"]
[SourceTitle "playchess.com"]
[Source "ChessBase"]
[SourceQuality "1"]
[TimeControl "40/6000:3000+30"]

1. d4 {[%emt 0:00:00]} e6 {[%emt 0:00:00]} 2. c4 {[%emt 0:00:00]} Nf6 {[%emt 0:00:00]} 3. Nc3 {[%emt 0:00:07]} d5 {[%emt 0:00:00]} 4. Nf3 {[%emt 0:00:00]} c5 {[%emt 0:00:00]} 5. cxd5 {[%emt 0:04:45]} Nxd5 {[%emt 0:00:00]} 6. e3 {[%emt 0:00:27]} cxd4 {[%emt 0:00:00]} 7. exd4 {[%emt 0:01:07]} Nxc3 {[%emt 0:02:49]} 8. bxc3 {[%emt 0:00:00]} Qc7 {[%emt 0:00:00]} 9. c4 {[%emt 0:13:36]} Bb4+ {[%emt 0:04:51]} 10. Bd2 {[%emt 0:00:48]} Bxd2+ {[%emt 0:00:06]} 11. Qxd2 {[%emt 0:00:13]} O-O {[%emt 0:00:00]} 12. Bd3 {[%emt 0:02:23]} Nd7 {[%emt 0:03:02]} 13. Qe3 {[%emt 0:13:55]} Qb6 {[%emt 0:06:02]} 14. Ke2 {[%emt 0:00:22]} Nf6 {[%emt 0:16:50]} 15. Rhb1 {[%emt 0:06:46]} Qc7 {[%emt 0:05:50]} 16. Ne5 {[%emt 0:06:18]} Rd8 {[%emt 0:07:34]} 17. g4 {[%emt 0:13:40]} Nd7 {[%emt 0:17:43]} 18. f4 {[%emt 0:03:49]} Rb8 {[%emt 0:06:31]} 19. Kf2 {[%emt 0:09:37]} Nxe5 {[%emt 0:07:01]} 20. fxe5 {[%emt 0:00:58]} b6 {[%emt 0:00:00]} 21. Rg1 {[%emt 0:00:00]} Qd7 {[%emt 0:01:11]} 22. Rad1 {[%emt 0:00:03]} Qa4 {[%emt 0:01:00]} 23. Rd2 {[%emt 0:05:13]} Ba6 {[%emt 0:02:49]} 24. Qe4 {[%emt 0:03:44]} g6 {[%emt 0:01:17]} 25. Rc1 {[%emt 0:02:42]} Bb7 {[%emt 0:02:24]} 26. Qe3 {[%emt 0:00:15]} Qc6 {[%emt 0:01:15]} 27. Kg3 {[%emt 0:01:08]} Rd7 {[%emt 0:00:43]} 28. Bf1 {[%emt 0:00:33]} Rbd8 {[%emt 0:03:28]} 29. Bg2 {[%emt 0:00:20]} Qa4 {[%emt 0:00:26]} 30. Bxb7 {[%emt 0:00:05]} Rxb7 {[%emt 0:00:00]} 31. d5 {[%emt 0:00:20]} exd5 {[%emt 0:02:05]} 32. cxd5 {[%emt 0:00:00]} Qe8 {[%emt 0:01:07]} 33. d6 {[%emt 0:00:39]} Rc8 {[%emt 0:01:33]} 34. Rxc8 {[%emt 0:00:16]} Qxc8 {[%emt 0:00:00]} 35. e6 {[%emt 0:01:17]} fxe6 {[%emt 0:00:00]} 36. d7 {[%emt 0:00:00]} Qd8 {[%emt 0:00:07]} 37. Qxe6+ {[%emt 0:00:00]} Kg7 {[%emt 0:00:43]} 38. Qe5+ {[%emt 0:00:00]} Kh6 {[%emt 0:00:22]} 39. g5+ {[%emt 0:00:00]} 1-0

[Event "4NCL 2019-20"]
[Site "Daventry"]
[Date "2020.03.01"]
[Round "2"]
[White "Horton, Jamie A"]
[Black "Sieciechowicz, Marcin"]
[Result "0-1"]
[WhiteElo "2202"]
[BlackElo "2377"]
[Annotator "TA"]
[PlyCount "132"]
[EventDate "2020.01.11"]
[EventCountry "ENG"]
[SourceTitle "playchess.com"]
[Source "ChessBase"]
[SourceQuality "1"]

{[%evp 21,132,40,40,42,58,51,42,47,57,49,52,41,64,18,47,44,48,7,7,4,7,6,29,14,23,19,36,35,63,0,0,0,4,0,0,-6,0,-35,-17,-22,-20,-33,0,-33,0,-16,-15,-28,-19,-82,-60,-236,-213,-256,-192,-239,-214,-259,-258,-255,-255,-522,-517,-509,-495,-429,-518,-515,-515,-504,-486,-761,-756,-739,-748,-573,-837,-794,-793,-785,-681,-677,-623,-621,-618,-607,-431,-1187,-491,-1489,-1285,-29965,-29968,-29967,-29967,-29967,-29968,-6211,-4610,-29969,-29970,-29970,-29971,-29974,-29975,-29975,-29976,-29981,-29982,-29982,-29983,-29984,-29985]} 1. d4 Nf6 2. c4 g6 3. Nc3 d5 4. Nf3 Bg7 5. Qb3 dxc4 6. Qxc4 O-O 7. e4 Nc6 8. Be2 Bg4 9. d5 Na5 10. Qb4 Bxf3 11. Bxf3 c6 12. O-O {D98: Grünfeld: Russian System: 7 e4 Bg4 .} Qb6 13. Qa4 $1 Nd7 $1 14. Rd1 {White is slightly better.} Rfd8 15. g3 Nc5 16. Qc2 Nc4 17. Bg2 Qb4 18. Rb1 {[#]} h6 $146 ({Predecessor:} 18... Rac8 19. Bg5 Re8 20. Bf4 Bxc3 21. bxc3 Qa5 22. Rb4 cxd5 23. exd5 b5 24. Bh3 f5 {½-½ (72) Datler,W (2410)-Ruggieri,O (2380) ICCF email 2013}) 19. a3 (19. b3 {is interesting.} Na3 20. Bxa3 Qxa3 21. e5 Rac8 22. dxc6 bxc6 23. f4) 19... Qb3 20. Qxb3 Nxb3 21. Bf1 Nd6 22. Be3 c5 23. f3 c4 24. Ne2 b5 25. Nd4 (25. Bg2 $14) 25... Nxd4 26. Bxd4 Bxd4+ 27. Rxd4 Rac8 28. Rc1 Nb7 29. Kf2 e5 30. Rdd1 Nc5 31. Ke3 Kg7 32. f4 f6 33. Be2 Re8 {Strongly threatening ...exf4+.} 34. Bf3 f5 $36 {[%mdl 2048] Black fights for an advantage.} 35. fxe5 (35. d6 $1 $11 {keeps the balance.} Rcd8 36. Rd5 exf4+ 37. gxf4 Nxe4 38. d7) 35... Rxe5 $17 {[%cal Rf5e4]} 36. Kf4 $2 {This costs White the game.} ({Better is} 36. a4 $1 $15) 36... Kf6 $19 {[%cal Rf5e4]} 37. Ke3 fxe4 38. Bg4 Rd8 39. d6 Nd3 {[%mdl 64] [#] Double Attack} 40. Rf1+ Kg7 ({Don't play} 40... Kg5 41. Be2 $19) 41. d7 $2 (41. Rc2 {keeps fighting.}) 41... Nxc1 42. Rxc1 {[%mdl 4096] Endgame KRR-KRB} h5 43. Bh3 g5 44. Kd4 Re7 45. Bf5 e3 46. Kd5 (46. Re1 $142 e2 47. g4) 46... Rexd7+ 47. Bxd7 Rxd7+ {KR-KR} 48. Kc6 Rd2 {[#] And now ...e2 would win.} 49. Kxb5 Rxb2+ 50. Kxc4 Rxh2 51. Kd3 Ra2 52. Kxe3 Rxa3+ 53. Kf2 a5 54. Rc6 (54. g4 $142 hxg4 55. Rc4) 54... a4 (54... g4 $142 55. Rc7+ Kg6 56. Rc6+ Kf5) 55. Ra6 (55. Kg2 $142) 55... g4 56. Kg2 Ra2+ 57. Kg1 a3 58. Kh1 Kf7 59. Kg1 Ke7 60. Kh1 Kd7 {Black mates.} 61. Kg1 Kc7 62. Kh1 Kb7 63. Ra4 Kb6 64. Rb4+ Ka5 65. Rb3 Ka4 66. Re3 Rc2 {Accuracy: White = 54%, Black = 87%.} 0-1

[Event "4NCL 2019-20"]
[Site "Daventry"]
[Date "2020.03.01"]
[Round "2"]
[White "Clarke, Stuart W"]
[Black "Dwilewicz, Katarzyna"]
[Result "0-1"]
[WhiteElo "2195"]
[BlackElo "2102"]
[Annotator "TA"]
[PlyCount "86"]
[EventDate "2020.01.11"]
[EventCountry "ENG"]
[SourceTitle "playchess.com"]
[Source "ChessBase"]
[SourceQuality "1"]

{[%evp 10,86,20,11,32,13,30,10,22,0,0,0,7,9,12,0,0,0,37,20,10,11,52,42,47,36,56,62,50,-75,-63,-36,-63,-185,-187,-147,-9,-15,89,-16,-21,-27,-22,-9,0,0,-7,-273,-282,-281,-277,-281,-250,-275,-266,-271,-260,-256,-255,-281,-277,-295,-295,-383,-278,-296,-300,-277,-127,-369,-358,-346,-327,-444,-408,-436,-388,-436,-373]} 1. e4 e5 2. Nf3 Nc6 3. Bc4 Bc5 4. c3 Nf6 5. d3 d6 6. Nbd2 h6 {C54: Giuoco Piano: 4 c3 Nf6, main lines with 5 d4 and 5 d3.} 7. a4 {aiming for b4.} a6 8. a5 Ba7 {The position is equal.} 9. h3 O-O 10. O-O Ne7 11. Re1 Ng6 12. Nf1 c6 13. Bb3 {[#]} Nh5 $146 ({Predecessor:} 13... Re8 14. Ng3 Be6 15. Bc2 d5 16. exd5 Bxd5 17. Be3 Bxe3 18. Rxe3 Qc7 19. c4 Bxf3 20. Qxf3 {½-½ (29) Stukopin,A (2565)-Vorontsov,P (2548) Burlingame 2018}) 14. Be3 Nhf4 15. Ng3 Qf6 16. d4 Be6 17. Bc2 Kh8 18. Nf5 Rad8 19. g3 (19. Qb1 $14 {keeps the upper hand.} Bxf5 20. exf5) 19... Nxh3+ $17 20. Kg2 d5 $1 {[%cal Rd5e4]} 21. dxe5 (21. Qb1 $1 $15 exd4 22. N5xd4 dxe4 23. Bxe4) 21... Nxe5 $19 22. Nxe5 Bxe3 ({Better is} 22... dxe4 $17 23. Nd4 Qxe5) 23. Ng4 $11 {[%mdl 64] Double Attack} ({Not} 23. Nxe3 $2 Qxf2+ 24. Kh1 dxe4 $19) ({Don't go for} 23. Rxe3 $2 dxe4 24. Qh5 Rd2 $19) 23... Qg5 (23... Nxf2 $1 $11 {remains equal.} 24. Nxf6 Nxd1) 24. Nfxe3 (24. Ngxe3 $16 {Black must now prevent Qf3.} dxe4 25. Nd4) 24... dxe4 25. Qe2 h5 $1 {[%cal Rh5g4]} 26. Kxh3 {Threatens to win with Kg2.} Bxg4+ 27. Nxg4 Rd2 $1 $36 {[%cal Rd2e2][%mdl 2048] Black fights for an advantage.} 28. Qxe4 $4 {[%mdl 8192] [#] White is on the road to losing.} (28. Ne3 $1 $11 {and White is okay.} Rxe2 29. Rxe2) 28... f5 $1 $19 {[%cal Rf5e4][%mdl 64] Double Attack} 29. Qf4 fxg4+ 30. Kg2 {[%cal Rf4f8]} Qxf4 31. gxf4 Rxc2 {[%mdl 4096] Endgame KRR-KRR} 32. Kg3 Rxb2 33. Rad1 Rc2 34. Re3 {and the idea Rd7 leaves White hopeful.} Rf7 35. Rd8+ Kh7 36. Rde8 Rd7 37. Rb8 Kg6 38. Rf8 {[#]} Rcd2 (38... Rf7 $1 $19 {[%cal Rf7f8] has better winning chances.} 39. Rfe8 Rc1 40. R8e6+ Kh7) 39. f5+ $2 (39. Re6+ $17 Kh7 40. f5) 39... Kg5 {...h4+ is the strong threat.} 40. f4+ gxf3 $1 41. f6 gxf6 42. Rg8+ Kh6 43. Rxf3 Rg7+ {Accuracy: White = 59%, Black = 69%.} 0-1

[Event "4NCL 2019-20"]
[Site "Daventry"]
[Date "2020.03.01"]
[Round "2"]
[White "Sygnowski, Tomasz"]
[Black "Eggleston, David J"]
[Result "0-1"]
[WhiteElo "2185"]
[BlackElo "2396"]
[Annotator "TA"]
[PlyCount "48"]
[EventDate "2020.01.11"]
[EventCountry "ENG"]
[SourceTitle "playchess.com"]
[Source "ChessBase"]
[SourceQuality "1"]

{[%evp 12,48,18,15,20,0,0,14,22,0,0,-8,-2,0,4,-39,0,-23,-16,-37,-43,-40,-41,-182,-178,-583,-277,-283,-120,-172,-172,-153,-152,-152,-73,-57,-60,-1033,-1026]} 1. e4 c5 2. Nf3 d6 3. d4 Nf6 4. Nc3 cxd4 5. Nxd4 a6 6. a4 g6 7. Bc4 Bg7 {B90: Sicilian Najdorf: Unusual White 6th moves, 6 Be3 Ng4 and 6 Be3 e5.} 8. f3 O-O 9. Be3 e6 {[#] The position is equal.} 10. a5 $146 ({Predecessor:} 10. Qd2 Bd7 11. O-O Nc6 12. Rad1 Rc8 13. Nxc6 Rxc6 14. Bb3 Qc7 15. f4 Ng4 16. Bd4 Bxd4+ 17. Qxd4 {1-0 (28) Hawley,T-Carpenter,O Ann Arbor 1991}) 10... d5 11. exd5 exd5 {Hoping for ...Re8.} 12. Bb3 Re8 13. Kf2 Qd6 14. Qd2 Nc6 $36 {[%mdl 2048] White is under pressure.} 15. Nce2 Ne5 {And now ...Neg4+! would win.} 16. Bf4 Qc5 17. Ra4 ({Better is} 17. Rhe1 $15) 17... Bd7 $19 18. Ra3 $2 {[#]} (18. Qb4 {is more resistant.} Qa7 19. Rd1) 18... Bb5 (18... Neg4+ $142 $1 {[%mdl 512]} 19. Kf1 (19. fxg4 Ne4+) 19... Bb5) 19. Re1 {[#]} Bxe2 (19... Neg4+ $1 $19 {[%mdl 512] is more deadly.} 20. Kg1 (20. fxg4 Ne4+) 20... Nh5 21. fxg4 Bxd4+ 22. Nxd4 Rxe1+ {[%mdl 64] Overworked Piece} 23. Qxe1 Nxf4) 20. Rxe2 (20. Bxe5 $17 Ng4+ 21. fxg4 Bxe5 22. c3 Bxg4 23. h3) 20... Nc6 21. c3 Rxe2+ 22. Qxe2 Nxd4 (22... Re8 $142 23. Qd2 Nh5) 23. cxd4 $17 Qxd4+ {[%mdl 64] Double Attack} 24. Qe3 $2 {[%mdl 8192]} (24. Be3 $15 Qe5 25. g3) 24... Qxb2+ {[%mdl 64] Double Attack. Accuracy: White = 43%, Black = 65%.} 0-1